00517cam a22001692 4500001001100000005001700011008004100028020002700069040001500096050002200111100003500133245006000168250001200228260003500240300001100275650006100286000000837820151217154403.0080408s xx 000 0 eng d a812970613x :cKES 2750 aKABUcKABU 0aQA76.7b.S43 20041 aSebesta, Robert W.@000015436410aConcepts of programming languages /cRobert W. Sebesta. a6th ed. aDelhi :bPearson Educ.,c2004. a685 p. 0aProgramming languages (Electronic computers)@0000148343